Capitals of Disputed Territories - Statistics

General Stats
  • This quiz has been taken 29 times
  • The average score is 7 of 13
Answer Stats
Disputed Territory Capital % Correct
Palestine (East) Jerusalem | Ramallah
100%
Taiwan Taipei
96%
Kosovo Pristina
83%
Somaliland Hargeisa
67%
Falkland Islands Stanley
63%
Western Sahara Laayoune
58%
Transnistria Tiraspol
58%
Northern Cyprus North Nicosia
33%
Crimea Simferopol
33%
Artsakh Stepanakert
29%
Abkhazia Sukhumi
29%
Jammu and Kashmir Jammu | Srinagar
25%
South Ossetia Tshkinvali
17%
No matching quizzes found
Score Distribution
Percent of People with Each Score
Percentile by Number Answered
Your Score History
You have not taken this quiz